000
00324nam a2200121 a 4500
008
100921s1960|||| d
245
1
0
_a
Učeníci Ježišovi
100
1
_a
Frank, Leonhard
260
_b
Slovenské vydavateľstvo politickej literatúry
_c
1960
_a
Bratislava
020
_c
9,80
044
_a
xo
_c
SK
041
_a
slo
999
_c
10568
_d
10568